Welcome to the Holygrace Academy Library

Please use search bar below to get started

A CASE OF NEED (Record no. 2470)

MARC details
000 -LEADER
fixed length control field 00591nam a22001337a 4500
082 ## - DEWEY DECIMAL CLASSIFICATION NUMBER
Classification number 823
Item number CRI/C
100 ## - MAIN ENTRY--AUTHOR NAME
Personal name CRICHTON,MICHAEL
245 ## - TITLE STATEMENT
Title A CASE OF NEED
260 ## - PUBLICATION, DISTRIBUTION, ETC. (IMPRINT)
Place of publication ARROW BOOKS
Name of publisher LONDON
300 ## - PHYSICAL DESCRIPTION
Number of Pages 408
520 ## - SUMMARY, ETC.
Summary, etc A Case of Need is Michael Crichton's award-winning debut novel, written shortly after he completed his medical internship. Set against the ever-building pressure and pace of a large Boston medical center, the tensions flare-and explode-when a surgical operation tragically ends in death, raising countless questions.
650 ## - SUBJECT ADDED ENTRY--TOPICAL TERM
Topical Term NOVEL, ENGLISH
Geographic subdivision LONDON
942 ## - ADDED ENTRY ELEMENTS (KOHA)
Koha item type Books
Holdings
Withdrawn status Lost status Collection code Home library Current library Shelving location Date acquired Source of acquisition Full call number Accession Number Koha item type
    Fiction Main Library Main Library SHELF-2-E ENGLIAH NOVEL TEACHERS 05/08/2011 PURCHASE 823 CRI/C 05539 Books